000 00480nam a2200217Ia 4500
001 109696
003 YMCAF
005 20230512162400.0
008 100717s2004 ||||||||||||||||| ||und|d
024 _a109696
035 _aWB683
040 _aYMCAF
_beng
_cIN-KoLT
041 _aeng
082 _a005.446
_b9 SHA
100 _aShah, Steve
245 0 _aLinux administration: a beginners guide
250 _a2nd
260 _bTMH
_c2004
300 _a843
942 _2ddc
_cBK
999 _c11593
_d11593